00328nam a2200133Ia 4500008004100000041000800041082001200049100002100061245002500082250001400107260004100121300002700162365000500189240624s9999 xx 000 0 und d aeng a657 WEY aWEYGANDT JERRY J aFINANCIAL ACCOUNTING a(4th ed.) c2003aSingaporebJohn Wiley and Sons axxxv, : 836 : cm. ; 25 c